000 01155nam a22001457a 4500
999 _c527453
_d527453
008 240830b ||||| |||| 00| 0 eng d
100 _aVeldkamp, Laura and Chung, Cindy
_957642
245 _aData and the aggregate economy
260 _aJournal of Economic Literature
300 _a 62(2), Jun, 2024: p.458-484
520 _aRecent data technology innovations, such as artificial intelligence and machine learning, have transformed the production of knowledge and increased the importance of data. This review explores how data—digitized information—has been modeled within classic macroeconomic frameworks. It compares the economics of data to other concepts such as ideas, patents, and learning-by-doing. This paper also shows potential ways to model applications for data, including innovation, process optimization, and matching. Because this research area is nascent, much of the article is devoted to open questions and directions for future data economy research.- Reproduced https://www.aeaweb.org/articles?id=10.1257/jel.20221580
773 _aJournal of Economic Literature
906 _aINFORMATION TECHNOLOGY
942 _cAR